[Event "Aegina op"]
[Site "Aegina"]
[Date "1996.??.??"]
[Round "7"]
[White "Vlahos, Georgios"]
[Black "Tzoumbas, Anastasios"]
[Result "0-1"]
[WhiteElo "2165"]
[BlackElo "2355"]

1.d4 Nf6 2.Bg5 c5 3.Nc3 Qa5 4.Bxf6 gxf6 5.e3 h5 6.Be2 h4 7.d5 d6 8.Bg4 Nd7
9.Ne2 Qb4 10.Bh3 Qxb2 11.Bxd7+ Kxd7 12.O-O Qb4 13.f4 Kd8 14.Qd3 f5 15.Rab1 Qa5
16.e4 Bg7 17.exf5 Qa6 18.Qe4 Bd7 19.g4 hxg3 20.hxg3 b5 21.Rbe1 Bf6 22.Nd1 Qxa2
23.Ne3 Qa4 24.c4 bxc4 25.Ng4 Bb2 26.Nc1 Re8 27.Nh6 f6 28.g4 c3 29.Qb1 Qd4+
30.Rf2 Qxd5 31.Qd3 Bc6 32.Qxd5 Bxd5 33.Nd3 Ba3 34.g5 c4 35.Nc1 Bc5  0-1

[Event "Ano Liosia op"]
[Site "Ano Liosia"]
[Date "1996.??.??"]
[Round "6"]
[White "Crouch, Colin S"]
[Black "Shahtahtinsky, Alekper"]
[Result "1/2-1/2"]
[WhiteElo "2380"]
[BlackElo "2325"]

1.d4 Nf6 2.Bg5 d5 3.Bxf6 exf6 4.e3 c6 5.Bd3 Qb6 6.Qc1 Bd6 7.Nd2 Be6 8.Ne2 Qc7
9.c4 dxc4 10.Bxc4 O-O 11.Bxe6 fxe6 12.Qc4 Re8 13.Ne4 Nd7 14.N2c3 Kh8 15.Rc1 Nb6
16.Qb3 Qe7 17.O-O Rad8 18.a4 Nd5 19.a5 f5 20.Nxd5 exd5 21.Nxd6 Rxd6 22.a6 bxa6
23.Qd3 Qe4 24.Qxe4 fxe4 25.Ra1 Rb8 26.Rxa6 Rxb2 27.Rxa7 h6 28.Rf7 Rc2 29.h4 Kg8
30.Rf4 Rf6 31.Rxf6 gxf6 32.Kh2 Kf7 33.Kg3 Kg6 34.Ra1 Kf5 35.Ra7 Rc3 36.Kh3 h5
37.Kg3 Kg6 38.Rc7 Rc2 39.f3 Re2 40.Rxc6 Rxe3 41.Rd6 exf3 42.gxf3 Re1 43.Rxd5 Rg1+
44.Kh2 Rf1 45.Kg2 Rd1 46.f4 Rd3 47.f5+ Kf7 48.Rd7+ Ke8 49.Rd6 Kf7 50.Kf2 Rh3
51.Ra6 Rxh4 52.Ra7+ Ke8 53.Ke3 Rg4 54.Rh7 h4 55.d5 Ra4 56.d6  1/2-1/2

[Event "Ano Liosia op"]
[Site "Ano Liosia"]
[Date "1996.??.??"]
[Round "8"]
[White "Skembris, Spyridon"]
[Black "Kondou, Eva"]
[Result "1-0"]
[WhiteElo "2505"]
[BlackElo "2240"]

1.d4 Nf6 2.Bg5 d5 3.Bxf6 exf6 4.e3 Bf5 5.Bd3 Bxd3 6.Qxd3 c6 7.Nf3 Bd6 8.O-O O-O
9.Nbd2 Nd7 10.e4 dxe4 11.Nxe4 Bc7 12.Rad1 f5 13.Ng3 g6 14.d5 c5 15.d6 Ba5
16.Qb5 Rb8 17.c3 a6 18.Qd3 Rc8 19.Rfe1 Qf6 20.Qd5 Rc6 21.Re7 Rd8 22.Ng5 Nb6
23.Qxf7+ Qxf7 24.Nxf7 Rd7 25.Rde1 Kf8 26.Ne5 Rcxd6 27.Nxd7+ Rxd7 28.Rxd7 Nxd7
29.Nf1 Kf7 30.Ne3 Bc7 31.Nd5 Bd6 32.c4 Ne5 33.b3 Nd7 34.f4 Nf8 35.Kf2 Ne6
36.Ke3 Nd4 37.Kd3 Ne6 38.g3 Nd4 39.Re3 Ne6 40.a3 a5 41.Re1 h6 42.Rf1 Bf8
43.Rb1 Bd6 44.b4 axb4 45.axb4 cxb4 46.Nxb4 g5 47.Nd5 Nc5+ 48.Ke3  1-0

[Event "Antwerp op"]
[Site "Antwerp"]
[Date "1996.??.??"]
[Round "2"]
[White "Groffen, Hans"]
[Black "Akesson, Ralf"]
[Result "0-1"]
[WhiteElo "2145"]
[BlackElo "2500"]

1.d4 Nf6 2.Bg5 d5 3.e3 c6 4.c3 Nbd7 5.Nf3 g6 6.Nbd2 Bg7 7.Bd3 O-O 8.O-O Re8
9.e4 dxe4 10.Nxe4 Nxe4 11.Bxe4 Qb6 12.Qd2 c5 13.Be3 cxd4 14.Nxd4 Nf6 15.Bf3 Rd8
16.Qe2 Qa5 17.Rfd1 e5 18.b4 Qa4 19.Nb3 Rxd1+ 20.Rxd1 Qe8 21.Nc5 Rb8 22.Qd2 e4
23.Nxe4 Nxe4 24.Bxe4 Qxe4 25.Qd8+ Bf8 26.Bc5 Bh3 27.gxh3 Rxd8 28.Rxd8 Kg7
29.Bxf8+ Kf6 30.Bc5 b6 31.Be3 Qb1+ 32.Kg2 Qxa2 33.Re8 Qd5+ 34.Kg1 Qd1+ 35.Kg2 Qd5+
36.Kg1 g5 37.Bd4+ Kg6 38.Re5 Qd7 39.Re3 f5 40.Re5 f4 41.Kg2 g4 42.hxg4 Qxg4+
43.Kf1 f3 44.Re7 Qf5 45.h4 Qb1+ 46.Re1 Qd3+ 47.Kg1 Qe2 48.Ra1 Qe7  0-1

[Event "Ashkhabad-B"]
[Site "Ashkhabad"]
[Date "1996.??.??"]
[Round "3"]
[White "Simonenko, Sergei"]
[Black "Safin, Shukhrat"]
[Result "0-1"]
[WhiteElo "2415"]
[BlackElo "2510"]

1.d4 Nf6 2.Bg5 c5 3.Bxf6 gxf6 4.c3 Qb6 5.Qc2 d5 6.e3 Nc6 7.Nf3 e5 8.Nbd2 cxd4
9.exd4 e4 10.Nh4 f5 11.g3 f4 12.Nxe4 dxe4 13.Qxe4+ Ne7 14.Bc4 Bh3 15.O-O-O O-O-O
16.Bxf7 Qf6 17.Bh5 Bh6 18.Bf3 Rd7 19.Kb1 Ng6 20.Bg2 Bg4 21.Bf3 Bh3 22.Bg2 Be6
23.d5 Nxh4 24.dxe6 Rxd1+ 25.Rxd1 Nxg2 26.Qc4+ Kb8 27.Rd7 Qe5 28.a4 Re8 29.e7 Qf5+
30.Rd3 Ne1  0-1

[Event "GRE-chT"]
[Site "Athens"]
[Date "1996.??.??"]
[Round "4"]
[White "Kosic, Dragan"]
[Black "Atalik, Suat"]
[Result "1/2-1/2"]
[WhiteElo "2515"]
[BlackElo "2535"]

1.d4 Nf6 2.Bg5 c5 3.Bxf6 gxf6 4.dxc5 Qa5+ 5.Nd2 h5 6.c3 Qxc5 7.Ngf3 h4 8.e3 Nc6
9.Qa4 h3 10.gxh3 d6 11.O-O-O Bd7 12.Rg1 O-O-O 13.Rg3 Kb8 14.Nb3 Qb6 15.Nfd4 Bh6
16.Nxc6+ Bxc6 17.Qa5 e5 18.Qxb6 axb6 19.Bd3 e4 20.Bf1 f5 21.Kc2 f4 22.exf4 Bxf4
23.Rg7 f5 24.Nd4 Ba4+ 25.b3 Bd7 26.Rf7 Bxh2 27.Bb5 Bc8 28.Nxf5 Rdf8 29.Rxf8 Rxf8
30.Nxd6 Rxf2+ 31.Kb1 Bxd6 32.Rxd6 e3 33.Rd1 Bf5+ 34.Ka1 Bxh3 35.Re1 Rf3 36.Be2 Rg3
37.c4 Kc7 38.Kb2 Kd6 39.Rd1+ Ke5 40.Rd5+ Kf4 41.Rd4+ Ke5 42.Kc3 Rg2 43.Bd3 Rxa2
44.Re4+ Kd6 45.Rxe3 Bd7  1/2-1/2

[Event "GRE-chT"]
[Site "Athens"]
[Date "1996.??.??"]
[Round "8"]
[White "Gogolis, Alexandros"]
[Black "Vandoros, Dimitrios"]
[Result "0-1"]
[WhiteElo "2280"]
[BlackElo "2255"]

1.d4 Nf6 2.Bg5 c5 3.Bxf6 gxf6 4.dxc5 e6 5.Nd2 Bxc5 6.e3 Nc6 7.c3 d5 8.Ngf3 e5
9.Nb3 Be7 10.Qc2 Be6 11.g3 Qb6 12.Bg2 O-O-O 13.O-O f5 14.Bh3 f4 15.Bxe6+ fxe6
16.exf4 exf4 17.Rae1 fxg3 18.hxg3 Bd6 19.Nbd4 e5 20.Nxc6 Qxc6 21.Nxe5 Bxe5
22.Rxe5 h5 23.Qf5+ Kb8 24.Rd1 h4 25.Rexd5 Rde8 26.Qf4+ Ka8 27.Rd6 Qc8 28.R6d3 hxg3
29.Rxg3 a6 30.Qf3 Ref8 31.Qg2 Rfg8 32.Rdd3 Qe6 33.Rxg8+ Rxg8 34.Rg3 Rh8 35.Re3 Qxa2
36.f4 Qb1+ 37.Kf2 Qxb2+ 38.Kg3 Rg8+  0-1

[Event "AUT-chT9596"]
[Site "?"]
[Date "1996.??.??"]
[Round "?"]
[White "Moser, Guenter"]
[Black "Kraschl, Joerg"]
[Result "1-0"]
[WhiteElo "2325"]
[BlackElo "2360"]

1.d4 Nf6 2.Bg5 c5 3.Bxf6 gxf6 4.d5 Qb6 5.Qc1 f5 6.g3 Bg7 7.c3 h5 8.Nf3 e6
9.Bg2 d6 10.O-O Bf6 11.dxe6 fxe6 12.e4 fxe4 13.Qf4 Ke7 14.Nh4 Rg8 15.Qxe4 Qxb2
16.Nf5+ Kd7 17.Rd1 exf5 18.Qxf5+ Kc7 19.Qxf6 Rd8 20.Nd2 Nd7 21.Qg7  1-0

[Event "AUT-chT2S 9596"]
[Site "AUT"]
[Date "1996.??.??"]
[Round "?"]
[White "Buchegger, Karl"]
[Black "Koelldorfer, Franz"]
[Result "1-0"]
[WhiteElo "1980"]
[BlackElo "2000"]

1.d4 Nf6 2.Bg5 g6 3.Nd2 Bg7 4.e3 d6 5.Ngf3 Nbd7 6.Bd3 O-O 7.O-O c5 8.c3 Qc7
9.Rc1 Re8 10.e4 e5 11.dxe5 dxe5 12.h3 b6 13.Qe2 h6 14.Bh4 Nh5 15.Bg3 Nxg3
16.fxg3 Nf6 17.g4 Bb7 18.Bc4 Re7 19.Nh4 Kh7 20.Rf3 Rf8 21.Rcf1 Qc6 22.Bb5 Qe6
23.Bc4 Qc6 24.Bb5 Qe6 25.b3 Ne8 26.Bc4 Qd7 27.Rd3 Qc7 28.Bd5 Nd6 29.c4 Bc8
30.Nb1 f5 31.gxf5 gxf5 32.exf5 e4 33.Rdd1 Bd4+ 34.Kh1 Bxf5 35.g4 Bf6 36.Nxf5 Nxf5
37.Rxf5 Qg3 38.Qg2 Qe3 39.Rff1 Bg7 40.Rfe1 Qg5 41.Rxe4 Rfe8 42.Nd2 Kh8 43.Rxe7 Rxe7
44.Ne4 Qe3 45.Rf1 Qd3 46.Qf3  1-0

[Event "AUT-chT2S 9596"]
[Site "AUT"]
[Date "1996.??.??"]
[Round "?"]
[White "Senoner, Erich2"]
[Black "Bonstingl, Georg"]
[Result "0-1"]
[WhiteElo "2090"]
[BlackElo "2195"]

1.d4 Nf6 2.Bg5 c5 3.Bxf6 gxf6 4.d5 Qb6 5.Qc1 d6 6.Nd2 Bh6 7.e3 Nd7 8.g3 f5
9.Nc4 Qc7 10.a4 Nf6 11.Bg2 Bd7 12.Ne2 O-O 13.Nc3 b6 14.O-O Rab8 15.Qd2 Bg7
16.Nb5 Qb7 17.Qd3 Ng4 18.f4 a6 19.Nc3 b5 20.axb5 axb5 21.Na5 Qb6 22.Nc6 c4
23.Qe2 Bxc6 24.dxc6 Nxe3 25.Kh1 e6 26.Rg1 Nxg2 27.Rxg2 Kh8 28.Qf3 Rbc8 29.g4 b4
30.gxf5 bxc3 31.Rxg7 Qxc6 32.Qxc6 Rxc6 33.f6 cxb2 34.Rb1 c3 35.Kg2 Ra6 36.Kf3 Ra1  0-1

[Event "Balatonalm di op"]
[Site "Balaton"]
[Date "1996.??.??"]
[Round "2"]
[White "Galyas, Miklos"]
[Black "Forgacs, Attila"]
[Result "1-0"]
[WhiteElo "2300"]
[BlackElo "2195"]

1.d4 Nf6 2.Bg5 g6 3.Bxf6 exf6 4.e3 Bg7 5.g3 d5 6.Bg2 O-O 7.Ne2 c6 8.Nd2 Na6
9.Nf4 Bf5 10.c3 Re8 11.h4 h5 12.Bf3 Qd7 13.Nb3 Bh6 14.Be2 Bg4 15.Bxg4 hxg4
16.Qd3 Qe7 17.O-O-O Nc7 18.Qe2 f5 19.Qc2 b6 20.Nd3 f6 21.Nf4 Bxf4 22.gxf4 Qe4
23.h5 Qxc2+ 24.Kxc2 g5 25.fxg5 fxg5 26.Nc1 Nb5 27.Nd3 Nd6 28.Ne5 Ne4 29.Rh2 Re6
30.Rf1 Rf8 31.f3 gxf3 32.Rxf3 g4 33.Rf4 g3 34.Rg2 Kh7 35.Nf3 Kh6 36.Nd2 Nxd2
37.Kxd2 Kxh5 38.Rxg3 Rg6 39.Rh3+ Kg5 40.Rf2 Kf6 41.Rh7 Rg7 42.Rxf5+ Kxf5
43.Rxg7 a5 44.a4 Ke4 45.Re7+ Kf5 46.Rb7 Ke4 47.Rxb6 Rf2+ 48.Kc1 Kd3 49.Kb1 Rf1+
50.Ka2 Kc2 51.Rxc6 Rb1 52.Rb6 Re1 53.Rb7 Kc1 54.Rb5 Re2 55.Rxa5 Rxb2+ 56.Ka3 Kb1
57.Rxd5  1-0

[Event "Balatonbereny op"]
[Site "Balatonbereny"]
[Date "1996.??.??"]
[Round "3"]
[White "Haller, Christoph"]
[Black "Gyorkos, Lajos"]
[Result "0-1"]
[WhiteElo "2180"]
[BlackElo "2390"]

1.d4 Nf6 2.Bg5 g6 3.c4 Bg7 4.Nc3 O-O 5.Qd2 c5 6.d5 d6 7.Bh6 e6 8.h4 exd5
9.cxd5 Re8 10.Bxg7 Kxg7 11.h5 Nxh5 12.f3 f5 13.O-O-O Nd7 14.e4 fxe4 15.g4 Nhf6
16.Qh6+ Kg8 17.Nxe4 Nf8 18.Bd3 c4 19.Bc2 Nxe4 20.Bxe4 Qf6 21.Ne2 Bxg4 22.Rdg1 Rxe4
23.fxe4 Bxe2 24.Rg3 Re8 25.Qe3 Bd3 26.Rf3 Qg7 27.Rh4 Nd7 28.Qxa7 Nc5 29.Qb6 Bxe4
30.Re3 Qf6  0-1

[Event "Balatonbereny op"]
[Site "Balatonbereny"]
[Date "1996.??.??"]
[Round "5"]
[White "Haller, Christoph"]
[Black "Gladyszev, Oleg"]
[Result "1/2-1/2"]
[WhiteElo "2180"]
[BlackElo "2325"]

1.d4 Nf6 2.Bg5 g6 3.Bxf6 exf6 4.e4 Bg7 5.f4 O-O 6.Bd3 d5 7.Ne2 c5 8.c3 Re8
9.exd5 Qxd5 10.O-O c4 11.Bc2 Bg4 12.Re1 Qe6 13.Kf1 Nd7 14.Nd2 Bh6 15.h3 Bxe2+
16.Qxe2 Nb6 17.Qxe6 fxe6 18.g3 e5 19.Ne4 Bg7 20.dxe5 fxe5 21.fxe5 Bxe5 22.Rad1 Re7
23.Nf2 Rae8 24.Kg2 Bg7  1/2-1/2

[Event "Balatonbereny op"]
[Site "Balatonbereny"]
[Date "1996.??.??"]
[Round "9"]
[White "Haller, Christoph"]
[Black "Kallgren, Mikael"]
[Result "0-1"]
[WhiteElo "2180"]
[BlackElo "2135"]

1.d4 Nf6 2.Bg5 c5 3.Bxf6 exf6 4.dxc5 Bxc5 5.c4 Qb6 6.e3 Qxb2 7.Nd2 Nc6 8.Ngf3 Nb4
9.Rc1 Nxa2 10.Rb1 Qc3 11.Be2 f5 12.O-O Qf6 13.Rb3 Nc3 14.Qe1 Nxe2+ 15.Qxe2 O-O
16.Ne1 b6 17.Nd3 d6 18.Nb1 Be6 19.Nf4 g5 20.Nh5 Qg6 21.Ng3 Rac8 22.Nc3 f4
23.Nd5 Bxd5  0-1

[Event "Barbera op"]
[Site "Barbera"]
[Date "1996.??.??"]
[Round "9"]
[White "Johansson, Jan"]
[Black "Rodriguez, Amador"]
[Result "0-1"]
[WhiteElo "2365"]
[BlackElo "2510"]

1.d4 Nf6 2.Bg5 d5 3.Nd2 c5 4.e3 cxd4 5.exd4 Nc6 6.c3 Bf5 7.Ne2 e6 8.Ng3 Bg6
9.h4 h6 10.h5 Bh7 11.Bf4 Bd6 12.Bxd6 Qxd6 13.Nf3 O-O 14.Bd3 Ne4 15.Bxe4 dxe4
16.Nd2 f5 17.Qb3 e3 18.Nf3 Kh8 19.Ne2 exf2+ 20.Kxf2 e5 21.Nxe5 Nxe5 22.dxe5 Qxe5
23.Nd4 Bg8 24.Qb5 Qc7 25.Rhe1 Qh2 26.Rh1 Qd6 27.Nf3 a6 28.Qe5 Qb6+ 29.Kg3 Rae8
30.Qd4 Qc7+ 31.Qf4 Qxf4+ 32.Kxf4 Re2 33.Rae1 Rxb2 34.Re7 Rxg2 35.Ne5 Kh7
36.Rd1 Bxa2 37.Rdd7 Rg8 38.Ng6 Bb3 39.Rxb7 Bd1 40.Rbd7 Bxh5 41.Ne5 Rf2+ 42.Ke3 Rf1
43.c4 f4+  0-1

[Event "Barcelona op"]
[Site "Barcelona"]
[Date "1996.??.??"]
[Round "?"]
[White "Granados Gomez, Manuel"]
[Black "Lacasa, JA."]
[Result "1-0"]
[WhiteElo "2350"]
[BlackElo "2335"]

1.d4 Nf6 2.Bg5 c5 3.Bxf6 gxf6 4.d5 Qb6 5.Qc1 f5 6.e3 Bg7 7.c3 O-O 8.Ne2 e6
9.Nf4 e5 10.Nh5 Bh6 11.Na3 Qg6 12.Qd1 d6 13.h3 Nd7 14.Nc4 Nf6 15.Nxf6+ Qxf6
16.a4 b6 17.Qh5 Rd8 18.g4 Qg6 19.Qh4 Bg5 20.Qg3 f4 21.Qg2 fxe3 22.fxe3 Bh4+
23.Kd2 e4 24.Be2 Bb7 25.Rhg1 Bxd5 26.g5 Bxc4 27.Bxc4  1-0

[Event "Regionalliga SO9596"]
[Site "Bayern"]
[Date "1996.??.??"]
[Round "?"]
[White "Poellner, Ludwig"]
[Black "Haletzki, Bernd"]
[Result "1-0"]
[WhiteElo "2065"]
[BlackElo "1955"]

1.d4 Nf6 2.Bg5 d5 3.Bxf6 exf6 4.e3 c6 5.c4 dxc4 6.Bxc4 Bd6 7.Nf3 O-O 8.Nbd2 Re8
9.Qb3 Qe7 10.O-O Nd7 11.e4 Nb6 12.Bd3 Bf4 13.Rfe1 Be6 14.Qc2 g6 15.g3 Bc7
16.Kg2 Rad8 17.h4 h5 18.Rac1 Bb8 19.Nc4 Nxc4 20.Bxc4 Qd7 21.Bxe6 Rxe6 22.Rcd1 Qe7
23.Re3 Re8 24.Rde1 Qd8 25.Qb3 R8e7 26.e5 fxe5 27.Ng5 Rf6 28.dxe5 Rf5 29.e6 f6
30.Nf7 Qd5+ 31.Kg1 Qxb3 32.Rxb3 Rd5 33.Rxb7 Rxb7 34.e7 Rxe7 35.Rxe7 Kf8 36.Rb7 Rb5
37.Rxb5 cxb5 38.Nd8 Be5 39.Nc6 a6 40.Nxe5 fxe5 41.Kg2 e4 42.g4 Ke7 43.Kg3 Ke6
44.gxh5 gxh5 45.Kf4 Kd5 46.Kg5 Kd4 47.Kxh5  1-0

[Event "Oberliga Bayern9697"]
[Site "Bayern"]
[Date "1996.??.??"]
[Round "?"]
[White "Wachinger, Guenther"]
[Black "Lichtenstern, Christoph"]
[Result "0-1"]
[WhiteElo "2285"]
[BlackElo "2180"]

1.d4 Nf6 2.Bg5 d5 3.Bxf6 exf6 4.e3 Bb4+ 5.c3 Ba5 6.Bd3 Nc6 7.Nd2 Ne7 8.Qf3 c6
9.Ne2 Be6 10.O-O-O Qd7 11.h3 Bc7 12.g4 Ng6 13.Nf4 Nh4 14.Qe2 O-O 15.Nh5 Rae8
16.f4 f5 17.Rdg1 Ng6 18.Qf2 Bd8 19.h4 a5 20.g5 Ne7 21.Nf3 Kh8 22.Ne5 Qd6
23.Ng3 f6 24.gxf6 gxf6 25.Nf3 Rg8 26.h5 Rg4 27.Nh4 Qd7 28.Ne2 Reg8 29.Rxg4 Rxg4
30.Rg1 b5 31.Qh2 Rxg1+ 32.Qxg1 Ng8 33.Ng3 Nh6 34.Qh1 Qg7 35.Ngxf5 Nxf5 36.Bxf5 Bxf5
37.Nxf5 Qg4 38.Nd6 Qd7 39.Nxb5 cxb5 40.Qg2 Qe6 41.Kd2 f5 42.Qe2 Qd7 43.a4 bxa4
44.Qa6 Kg7 45.h6+ Kf7 46.c4 dxc4 47.Qxc4+ Kg6 48.Qa6+ Kh5 49.Kd3 Qd5 50.Kd2 Qb3
51.Qa8 Qxb2+ 52.Kd3 Qb5+ 53.Kd2 Be7  0-1

[Event "Regionalliga SO9596"]
[Site "Bayern"]
[Date "1996.??.??"]
[Round "?"]
[White "Kohout, Peter"]
[Black "Hamberger, Hermann"]
[Result "0-1"]
[WhiteElo "2290"]
[BlackElo "1965"]

1.d4 Nf6 2.Bg5 g6 3.Bxf6 exf6 4.e3 Bg7 5.Ne2 O-O 6.Nf4 Re8 7.Bc4 c6 8.d5 d6
9.dxc6 bxc6 10.O-O f5 11.c3 Na6 12.b4 d5 13.Bxa6 Bxa6 14.Re1 Bc4 15.Ne2 Bxe2
16.Rxe2 a5 17.Rb2 axb4 18.Rxb4 c5 19.Rb3 f4 20.exf4 Qe7 21.Qf1 Qe2 22.a4 d4
23.cxd4 cxd4 24.Qxe2 Rxe2 25.Na3 Rxa4 26.Rd1 Bf8 27.Nb5 Raa2 28.Rf1 Bc5 29.f5 Kg7
30.Rd3 Rad2 31.Rf3 g5 32.f6+ Kg6 33.g4 Re4 34.h3 Rf4 35.Rxf4 gxf4 36.Kg2 d3
37.Kf3 Kxf6 38.Nc3 Ke5 39.Ne4 Rc2 40.g5 Bd4 41.Rd1 Re2 42.Nf6 Rxf2+ 43.Kg4 Rg2+
44.Kh5 Kf5 45.Ng4 d2 46.Nh6+ Ke4 47.Nxf7 Kd3  0-1

[Event "Regionalliga NW9596"]
[Site "Bayern"]
[Date "1996.??.??"]
[Round "?"]
[White "Graef, Steffen"]
[Black "Jahrsdoerfer, Gerd"]
[Result "1/2-1/2"]
[WhiteElo "2005"]
[BlackElo "2070"]

1.d4 d5 2.Bg5 Nf6 3.Bxf6 gxf6 4.e3 Bf5 5.c4 c6 6.Nc3 e6 7.Nge2 Nd7 8.Ng3 Bg6
9.Be2 Nb6 10.cxd5 Nxd5 11.Qb3 Qb6 12.Nxd5 cxd5 13.Qxb6 axb6 14.Bg4  1/2-1/2

[Event "Oberliga Bayern9697"]
[Site "Bayern"]
[Date "1996.??.??"]
[Round "?"]
[White "Bredl, Harald"]
[Black "Engelbrecht, Alfred"]
[Result "0-1"]
[WhiteElo "2235"]
[BlackElo "2215"]

1.d4 Nf6 2.Bg5 g6 3.Bxf6 exf6 4.e3 d5 5.c4 c6 6.Nc3 dxc4 7.Bxc4 Bd6 8.Nge2 O-O
9.O-O Nd7 10.Qc2 Qc7 11.h3 Re8 12.Rac1 Qa5 13.Qb3 Re7 14.d5 b5 15.Bd3 Nc5
16.Qc2 b4 17.Ne4 Nxd3 18.Qxd3 Ba6 19.Qc2 Rxe4 20.Qxe4 Bxe2 21.Rfe1 cxd5 22.Qh4 Ba6
23.Qxf6 Qb6 24.Qg5 Bb7 25.Red1 Re8 26.Qg4 Bb8 27.Qd7 Rd8 28.Qg4 Qd6 29.g3 h5
30.Qd4 Qb6 31.Qxb6 axb6 32.e4 Bd6 33.exd5 Bc5 34.Rc2 Rxd5 35.Rxd5 Bxd5 36.b3 Kg7
37.Kf1 Kf6 38.Ke2 Ke5 39.Rd2 f5 40.h4 Bc6 41.Rd8 f4 42.Rg8 f3+ 43.Ke1 Be4
44.Re8+ Kd4 45.Kd2 Kd5 46.Rd8+ Ke5 47.Re8+ Kf5 48.Ke1 Bd3 49.Ra8 Kg4 50.Rd8 Be2
51.Rg8 Kh3 52.Rxg6 Kg2 53.g4 Bxf2+ 54.Kd2 Bg3  0-1

[Event "Oberliga Bayern9596"]
[Site "Bayern"]
[Date "1996.??.??"]
[Round "?"]
[White "Schuster, Karsten"]
[Black "Krauss, Hermann"]
[Result "1-0"]
[WhiteElo "2205"]
[BlackElo "2305"]

1.d4 Nf6 2.Bg5 g6 3.Bxf6 exf6 4.e4 d6 5.Bd3 Nc6 6.c3 f5 7.exf5 Qg5 8.Nf3 Qxg2
9.Rg1 Qh3 10.Qe2+ Kd7 11.Nbd2 Bh6 12.Ne4 Qxf5 13.Nc5+ Qxc5 14.dxc5 Re8 15.Be4 f5
16.Nd2 Bxd2+ 17.Qxd2 Rxe4+ 18.Kd1 Ne5 19.Qd5 Ng4 20.Re1 Nxf2+ 21.Kc2 Ke7
22.cxd6+ cxd6 23.Qg8 b6 24.Qxh7+ Kf6 25.Rxe4 Nxe4 26.h4 Be6 27.h5 Rg8 28.hxg6 Rxg6
29.Rh1 Bxa2 30.Rh6 Bf7 31.Rxg6+ Bxg6 32.Qxa7 f4 33.Qxb6 f3 34.Qe3 f2 35.Qf4+ Ke6
36.Kc1 d5 37.b4 Be8 38.c4 f1=Q+ 39.Qxf1 dxc4 40.Qxc4+ Ke5 41.b5 Nd6 42.Qc5+ Ke6
43.b6 Bd7 44.Qc7  1-0

[Event "Regionalliga SO9697"]
[Site "Bayern"]
[Date "1996.??.??"]
[Round "?"]
[White "Heiduczek, Josef"]
[Black "Benischek, Wolfgang"]
[Result "1/2-1/2"]
[WhiteElo "2025"]
[BlackElo "2020"]

1.d4 Nf6 2.Bg5 c5 3.Nc3 cxd4 4.Bxf6 gxf6 5.Qxd4 Nc6 6.Qh4 Qa5 7.e3 f5 8.Qa4 Qxa4
9.Nxa4 Nb4 10.Kd2 e6 11.Nf3 b6 12.Nc3 Bb7 13.Be2 Rc8 14.a3 Nc6 15.Rad1 Rg8
16.Rhg1 Na5 17.Nb5 a6 18.Nbd4 Nc4+ 19.Kc1 Bh6 20.b3 Na5 21.Ne5 d6 22.Nc4 Nxc4
23.Bxc4 f4 24.exf4 Bxf4+ 25.Kb1 b5 26.Bf1 Bxh2 27.Rh1 Be5 28.f3 Rg7 29.Rh3 Ke7
30.g4 Rc3 31.Bg2 Re3 32.Kc1 Bf4 33.Kb1 f5 34.gxf5 e5 35.Ne6 Rf7 36.Rdh1 h6
37.Nxf4 exf4 38.Rxh6 Bxf3 39.Bxf3 Rxf3 40.Re6+ Kf8 41.f6 Rd7 42.Ree1 Re3  1/2-1/2

[Event "Regionalliga NW9596"]
[Site "Bayern"]
[Date "1996.??.??"]
[Round "?"]
[White "Cech, Pavel"]
[Black "Hohm, Klemens"]
[Result "1-0"]
[WhiteElo "2375"]
[BlackElo "2160"]

1.d4 Nf6 2.Bg5 g6 3.Bxf6 exf6 4.e3 Bg7 5.Bd3 f5 6.Ne2 d6 7.Nd2 Nd7 8.Nf4 Nf6
9.Qe2 O-O 10.O-O-O c6 11.Kb1 Re8 12.h4 h5 13.f3 b5 14.Qf2 Qb6 15.c3 c5 16.Rhe1 Bb7
17.Qg3 Kh7 18.Qg5 Nd5 19.Nxd5 Bxd5 20.Bxf5 Qb7 21.Be4 f5 22.Bxd5 Qxd5 23.e4 Qf7
24.dxc5 f4 25.Qd5 Qxd5 26.exd5 dxc5 27.Ne4 Rad8 28.Ng5+ Kg8 29.Rxe8+ Rxe8
30.d6 Bf6 31.d7 Rb8 32.Rd6  1-0

[Event "Oberliga Bayern9596"]
[Site "Bayern"]
[Date "1996.??.??"]
[Round "?"]
[White "Molineus, Stefan"]
[Black "Kirchner, Thomas"]
[Result "1/2-1/2"]
[WhiteElo "2210"]
[BlackElo "2245"]

1.d4 Nf6 2.Bg5 g6 3.Bxf6 exf6 4.e3 Bg7 5.Ne2 d6 6.c3 O-O 7.Nd2 b6 8.h4 h5
9.Nf4 f5 10.Bc4 Qf6  1/2-1/2

[Event "Berliner Sommer"]
[Site "Berlin"]
[Date "1996.??.??"]
[Round "5"]
[White "Shabtai, Ran"]
[Black "Arbakov, Valentin"]
[Result "0-1"]
[WhiteElo "2325"]
[BlackElo "2510"]

1.d4 Nf6 2.Bg5 d5 3.Nd2 c5 4.dxc5 Qa5 5.Nf3 Nc6 6.c3 Qxc5 7.g3 Ng4 8.Nd4 e5
9.N2b3 Qb6 10.h3 Nxf2 11.Kxf2 exd4 12.cxd4 h6 13.Bd2 Nxd4  0-1

[Event "Berliner Sommer"]
[Site "Berlin"]
[Date "1996.??.??"]
[Round "7"]
[White "Kulaots, Kaido"]
[Black "Roos, Celine"]
[Result "1-0"]
[WhiteElo "2405"]
[BlackElo "2155"]

1.d4 Nf6 2.Bg5 c5 3.Nc3 Qa5 4.Bxf6 gxf6 5.d5 f5 6.e3 Bg7 7.Qd2 Bxc3 8.bxc3 d6
9.Bd3 Nd7 10.Ne2 Nf6 11.c4 Qxd2+ 12.Kxd2 O-O 13.a4 Ng4 14.f3 Ne5 15.f4 Nxd3
16.cxd3 Bd7 17.Nc3 Rad8 18.Rhb1 Bc8 19.Nb5 a6 20.Na7 Rd7 21.Rb6 Kg7 22.Rab1 Kf6
23.Nxc8 Rxc8 24.Rxb7 Rxb7 25.Rxb7 Ra8 26.a5 h6 27.Kc3 h5 28.g3 h4 29.gxh4 Rh8
30.Rb6 Rxh4 31.Rxa6 Rxh2 32.Kb3 Rd2 33.Rb6 Rxd3+ 34.Ka4 Rxe3 35.a6 Re1 36.Rb3  1-0

[Event "Berliner Sommer"]
[Site "Berlin"]
[Date "1996.??.??"]
[Round "8"]
[White "Cech, Pavel"]
[Black "Petrosian, Arshak B"]
[Result "0-1"]
[WhiteElo "2325"]
[BlackElo "2480"]

1.d4 Nf6 2.Bg5 d5 3.Bxf6 gxf6 4.e3 c5 5.c3 Qb6 6.Qb3 Nc6 7.Qxb6 axb6 8.Na3 Bf5
9.Nb5 Kd7 10.dxc5 bxc5 11.Rd1 e6 12.a3 Bc2 13.Rd2 Ba4 14.Nf3 f5 15.c4 Bxb5
16.cxb5 Na5 17.Be2 Bg7 18.O-O Ke7 19.Rc2 c4 20.Nd2 Rhc8 21.Rfc1 b6 22.Bd1 Ra7
23.g4 fxg4 24.e4 h5 25.exd5 exd5 26.b3 c3 27.Nb1 d4 28.Re2+ Kf8 29.Bc2 Rd8
30.Rd1 Rad7 31.Rd3 Nb7 32.b4 Re7 33.Rxe7 Kxe7 34.a4 Kf6 35.Na3 Bf8 36.Nc4 Bxb4
37.Nxb6 Nc5 38.Rd1 d3  0-1

[Event "Bern Cup"]
[Site "Bern"]
[Date "1996.??.??"]
[Round "2"]
[White "Hodgson, Julian M"]
[Black "Cramling, Pia"]
[Result "1-0"]
[WhiteElo "2615"]
[BlackElo "2525"]

1.d4 Nf6 2.Bg5 c5 3.d5 g6 4.Nc3 Bg7 5.e4 h6 6.Bf4 d6 7.h3 Qb6 8.Bb5+ Nfd7
9.Rb1 Qa5 10.Bd2 O-O 11.Nf3 a6 12.Be2 Nf6 13.O-O Qd8 14.a4 e6 15.dxe6 Bxe6
16.Be3 Nc6 17.Qd2 Kh7 18.Rfd1 Ne8 19.Nd5 Bxd5 20.Qxd5 Nf6 21.Qxd6 Qxd6 22.Rxd6 Nxe4
23.Rd7 Na5 24.Nd2 Nxd2 25.Bxd2 b6 26.Kf1 Rad8 27.Rxd8 Rxd8 28.Be3 Nc6 29.c3 a5
30.Bb5 Ne7 31.Re1 Nd5 32.Bc1 Bf6 33.g3 Kg7 34.Kg2 Bg5 35.f4 Bf6 36.Kf3 Nc7
37.Bc4 Ne8 38.Bb3 Rd5 39.Be3 Kf8 40.h4 Rd8 41.f5 Kg7 42.fxg6 fxg6 43.Bc1 Nd6
44.Re6 c4 45.Bc2 Kf7 46.Re2 Kg7 47.Re6 Kf7 48.Re1 Kg7 49.Rd1 Be5 50.Rd5 Rf8+
51.Kg2 Re8 52.Kh3 Re6 53.Be3 Nf7 54.Bf2 Bf6 55.Bd1 h5 56.Rd7 Kf8 57.Rb7 Bd8
58.Bd4 Ne5 59.b3 Nd3 60.bxc4 Nc5 61.Rh7 Bf6 62.Bc2 Kg8 63.Ra7 Be7 64.Bxg6 Rxg6
65.Rxe7 Nxa4 66.Re5 Nb2 67.c5 bxc5 68.Rxc5 Ra6 69.c4 Nd3 70.Rxh5 a4 71.Rg5+ Kf7
72.Rf5+ Kg8 73.Rg5+ Kf7 74.Rf5+ Kg8 75.Rg5+ Kf7 76.Rg7+ Ke8 77.c5 a3 78.c6 Rxc6
79.Ra7 Rc4 80.Bh8 Nf2+ 81.Kg2 Ne4 82.Rxa3 Kf7 83.Be5 Ke6 84.Bf4 Kf6 85.Ra6+ Kf5
86.Ra8  1-0

[Event "Biel Credis"]
[Site "Biel"]
[Date "1996.??.??"]
[Round "1"]
[White "Casagrande, Harald"]
[Black "Campora, Daniel H"]
[Result "0-1"]
[WhiteElo "2365"]
[BlackElo "2545"]

1.d4 Nf6 2.Bg5 d5 3.Nf3 e6 4.Nbd2 Be7 5.Bxf6 Bxf6 6.e4 c5 7.e5 Be7 8.dxc5 Bxc5
9.Nb3 Bb6 10.Bd3 Nc6 11.c3 f6 12.Qe2 O-O 13.O-O Bc7 14.exf6 Qxf6 15.c4 Qh6
16.g3 Nb4 17.Rad1 Nxa2 18.Bb1 Nb4 19.Rd4 Qf6 20.Nbd2 a5 21.Rh4 g6 22.Qe3 Bd7
23.Qh6 Qg7 24.Ng5 Qxh6 25.Rxh6 Bd8 26.Nxh7 Rf5 27.Bxf5 exf5 28.Ng5 Ra6 29.Ndf3 dxc4
30.Rh4 Bb5 31.Rd4 Bf6 32.Rd5 Nxd5  0-1

[Event "Bratto op"]
[Site "Bratto"]
[Date "1996.??.??"]
[Round "7"]
[White "Drazic, Sinisa"]
[Black "Badea, Bela"]
[Result "1/2-1/2"]
[WhiteElo "2445"]
[BlackElo "2520"]

1.d4 Nf6 2.Bg5 g6 3.Bxf6 exf6 4.c4 f5 5.e3 d6 6.Nc3 Nd7 7.g3 Nf6 8.Bg2 h5
9.h4 Bh6 10.Nh3 O-O 11.Qd3 c6 12.O-O Re8 13.Rae1 a5 14.d5 c5 15.f3 Bd7 16.a4 Qb6
17.Re2 Re7 18.b3 Rae8 19.Nd1 Qd8 20.Rfe1 b6 21.Ndf2 Nh7 22.f4 Nf6 23.Ng5 Bg7
24.Qc2 Bc8 25.Kh2 Bd7 26.Bh3 Bh8 27.Qc1 Bg7 28.Qd2 Bh8 29.Kg1 Bg7 30.Kh2 Bh8
31.Rf1 Bg7 32.Rc1 Bh8 33.Rd1 Bg7 34.Qe1 Bh8 35.Qd2 Bg7 36.Qc1 Bh6 37.Rf1 Bg7
38.Ree1 Bh8 39.Re2 Bg7 40.Rfe1 Bh8 41.Qc2 Bg7 42.Kg1 Bh8 43.Kh1 Bg7 44.Kh2 Bh8
45.e4 fxe4 46.Bxd7 Qxd7 47.Ngxe4 Nxe4 48.Rxe4 Bd4 49.Rxe7 Rxe7 50.Rxe7 Qxe7
51.Qe4 Kf8 52.Qxe7+ Kxe7 53.Ne4 f5  1/2-1/2